Linde's Chaotic Inflation model of the Universe; Космическое приборостроение

التفاصيل البيبلوغرافية
Parent link:Космическое приборостроение.— 2015.— [С. 319-321]
المؤلف الرئيسي: Kirov I. V.
مؤلف مشترك: Национальный исследовательский Томский политехнический университет (ТПУ) Институт неразрушающего контроля (ИНК) Кафедра иностранных языков Института неразрушающего контроля (ИЯНК)
مؤلفون آخرون: Shepetovsky D. V. Denis Vladimirovich (научный руководитель)
الملخص:Заглавие с титульного экрана
اللغة:الإنجليزية
منشور في: 2015
سلاسل:Space instrument making
الموضوعات:
الوصول للمادة أونلاين:http://earchive.tpu.ru/handle/11683/64469
http://www.lib.tpu.ru/fulltext/c/2015/C22/071.pdf
التنسيق: MixedMaterials الكتروني فصل الكتاب
KOHA link:https://koha.lib.tpu.ru/cgi-bin/koha/opac-detail.pl?biblionumber=612199

MARC

LEADER 00000naa2a2200000 4500
001 612199
005 20260421140655.0
035 |a (RuTPU)RU\TPU\conf\10305 
035 |a RU\TPU\conf\10304 
090 |a 612199 
100 |a 20150522d2015 k y0rusy50 ba 
101 0 |a eng 
102 |a RU 
135 |a drgn ---uucaa 
181 0 |a i  
182 0 |a b 
200 1 |a Linde's Chaotic Inflation model of the Universe  |f I. V. Kirov  |g sci. adv. D. V. Shepetovsky 
203 |a Текст  |c электронный 
225 1 |a Space instrument making 
300 |a Заглавие с титульного экрана 
320 |a [Библиогр.: с. 321 (5 назв.)] 
337 |a Adobe Reader 
463 1 |0 (RuTPU)RU\TPU\conf\9748  |t Космическое приборостроение  |o сборник научных трудов III Всероссийского форума школьников, студентов, аспирантов и молодых ученых с международным участием, г. Томск, 8-10 апреля 2015 г.  |f Национальный исследовательский Томский политехнический университет (ТПУ)  |v [С. 319-321]  |d 2015 
610 1 |a труды учёных ТПУ 
610 1 |a электронный ресурс 
610 1 |a Вселенная 
610 1 |a физическая космология 
610 1 |a космология 
610 1 |a космологические модели 
700 1 |a Kirov  |b I. V. 
702 1 |a Shepetovsky  |b D. V.  |c linguist  |c Senior Lecturer of Tomsk Polytechnic University  |f 1978-  |g Denis Vladimirovich  |4 727 
712 0 2 |a Национальный исследовательский Томский политехнический университет (ТПУ)  |b Институт неразрушающего контроля (ИНК)  |b Кафедра иностранных языков Института неразрушающего контроля (ИЯНК)  |3 (RuTPU)RU\TPU\col\18721 
801 2 |a RU  |b 63413507  |c 20210212  |g RCR 
856 4 |u http://earchive.tpu.ru/handle/11683/64469 
856 4 |u http://www.lib.tpu.ru/fulltext/c/2015/C22/071.pdf 
942 |c BK